| 000 | 00657nam a2200217Ii 4500 | ||
|---|---|---|---|
| 003 | JO-AjNU | ||
| 008 | 230605s9999||||xx |||||||||||||| ||und|| | ||
| 017 | _a2006/19777 | ||
| 020 | _a977-04-5019-7 | ||
| 040 |
_aJO-AjNU _bara _erda _cJO-AjNU |
||
| 041 | _aara | ||
| 050 | 1 | 4 | _aJF1601.K43.2009 |
| 245 | 0 | 0 | _aالقرار الإداري " دراسة مقارنة " |
| 250 | _aط2 | ||
| 264 | 3 | 1 | _aالقاهرة : دار النهضة العربية ، 2008-2009 |
| 300 | _a169ص | ||
| 336 |
_atext _btxt _2rdacontent |
||
| 337 |
_aunmediated _bn _2rdamedia |
||
| 338 |
_avolume _bnc _2rdacarrier |
||
| 650 | 4 |
_aالقرارات الادارية _932408 |
|
| 999 |
_aA13079 _c16647 _d16647 |
||